Inštitucionálny rámec pre uskutočňovanie regionálnej politiky

Nástroje na podporu regionálnej politiky. Ústredné orgány a inštitúcie. Ústredné orgány štátnej správy v rámci svojej pôsobnosti. Pôsobnosť na regionálnej úrovni. Finančné zabezpečenie regionálneho rozvoja.

Salvato in:
Dettagli Bibliografici
Autore principale: Kardoš, Marcel
Natura: Capitolo di libro
Lingua:slovacco
Soggetti:
Tags: Aggiungi Tag
Nessun Tag, puoi essere il primo ad aggiungerne!!

MARC

LEADER 00000nla$a2200000$$$4500
001 0126135
005 20231207080810.0
041 0 |a slo 
044 |a SK 
245 1 0 |a Inštitucionálny rámec pre uskutočňovanie regionálnej politiky  |c Marcel Kardoš 
520 |a Nástroje na podporu regionálnej politiky. Ústredné orgány a inštitúcie. Ústredné orgány štátnej správy v rámci svojej pôsobnosti. Pôsobnosť na regionálnej úrovni. Finančné zabezpečenie regionálneho rozvoja. 
610 2 0 |a politika regionálna 
610 2 0 |a nástroje finančné 
610 2 0 |a nástroje ekonomické 
610 2 0 |a správa štátna 
610 2 0 |a správa verejná 
610 2 0 |a orgány štátne 
610 2 0 |a Slovensko 
100 1 |a Kardoš, Marcel